مكتبة جامعة عجلون الوطنية

فهرس بحث المكتبة

Language acquisition : (Record no. 33481)

MARC details
000 -LEADER
fixed length control field 02528cam a22004218i 4500
001 - CONTROL NUMBER
control field 22329912
003 - CONTROL NUMBER IDENTIFIER
control field JO-AjAnu
005 - DATE AND TIME OF LATEST TRANSACTION
control field 20240501093927.0
008 - FIXED-LENGTH DATA ELEMENTS--GENERAL INFORMATION
fixed length control field 211201s2022 nyu b 001 0 eng
010 ## - LIBRARY OF CONGRESS CONTROL NUMBER
LC control number 2021058542
020 ## - INTERNATIONAL STANDARD BOOK NUMBER
International Standard Book Number 9780367741976
Qualifying information (hardback)
020 ## - INTERNATIONAL STANDARD BOOK NUMBER
International Standard Book Number 9780367741983
Qualifying information (paperback)
020 ## - INTERNATIONAL STANDARD BOOK NUMBER
Canceled/invalid ISBN 9781003156536
Qualifying information (ebook)
040 ## - CATALOGING SOURCE
Original cataloging agency DLC
Language of cataloging eng
Description conventions rda
Transcribing agency DLC
Modifying agency JO-AjAnu
041 #0 - LANGUAGE CODE
Language code of text/sound track or separate title eng
Language code of original eng
042 ## - AUTHENTICATION CODE
Authentication code pcc
050 00 - LIBRARY OF CONGRESS CALL NUMBER
Classification number P118
Item number .I23 2022
082 00 - DEWEY DECIMAL CLASSIFICATION NUMBER
Classification number 401/.93
Edition number 23/eng/20220208
100 1# - MAIN ENTRY--PERSONAL NAME
Personal name Ibbotson, Paul,
Relator term author.
245 10 - TITLE STATEMENT
Title Language acquisition :
Remainder of title the basics /
Statement of responsibility, etc. Paul Ibbotson.
250 ## - EDITION STATEMENT
Edition statement first published
263 ## - PROJECTED PUBLICATION DATE
Projected publication date 2206
264 #1 - PRODUCTION, PUBLICATION, DISTRIBUTION, MANUFACTURE, AND COPYRIGHT NOTICE
Place of production, publication, distribution, manufacture New York, NY :
Name of producer, publisher, distributor, manufacturer Routledge,
Date of production, publication, distribution, manufacture, or copyright notice 2022.
300 ## - PHYSICAL DESCRIPTION
Extent pages cm.
336 ## - CONTENT TYPE
Content type term text
Content type code txt
Source rdacontent
337 ## - MEDIA TYPE
Media type term unmediated
Media type code n
Source rdamedia
338 ## - CARRIER TYPE
Carrier type term volume
Carrier type code nc
Source rdacarrier
490 0# - SERIES STATEMENT
Series statement The basics
504 ## - BIBLIOGRAPHY, ETC. NOTE
Bibliography, etc. note Includes bibliographical references and index.
520 ## - SUMMARY, ETC.
Summary, etc. "Language Acquisition: The Basics is an accessible introduction to the must-know issues in child language development. Covering key topics drawn from contemporary psychology, linguistics and neuroscience, readers are introduced to fundamental concepts, methods, controversies, and discoveries. It follows the remarkable journey children take; from becoming sensitive to language before birth, to the time they string their first words together; from when they use language playfully, to when they tell stories, hold conversations, and share complex ideas. Using examples from seventy-three different languages, Ibbotson sets this development in a diverse cross-cultural context, as well as describing the universal psychological foundations that allow language to happen. This book, which includes further reading suggestions in each chapter and a glossary of key terms, is the perfect easy-to-understand introductory text for students, teachers, clinicians or anyone interested in language development. Drawing together the latest research on typical, atypical and multilingual development, it is the concise beginners guide to the field"--
Assigning source Provided by publisher.
650 #0 - SUBJECT ADDED ENTRY--TOPICAL TERM
Topical term or geographic name entry element Language acquisition.
650 #0 - SUBJECT ADDED ENTRY--TOPICAL TERM
Topical term or geographic name entry element Child psychology.
9 (RLIN) 129
650 #0 - SUBJECT ADDED ENTRY--TOPICAL TERM
Topical term or geographic name entry element Child development.
776 08 - ADDITIONAL PHYSICAL FORM ENTRY
Relationship information Online version:
Main entry heading Ibbotson, Paul.
Title Language acquisition
Place, publisher, and date of publication New York, NY : Routledge, 2022
International Standard Book Number 9781003156536
Record control number (DLC) 2021058543
906 ## - LOCAL DATA ELEMENT F, LDF (RLIN)
a 7
b cbc
c orignew
d 1
e ecip
f 20
g y-gencatlg
942 ## - ADDED ENTRY ELEMENTS (KOHA)
Source of classification or shelving scheme Library of Congress Classification
Koha item type Books
Suppress in OPAC No
Holdings
Withdrawn status Lost status Source of classification or shelving scheme Damaged status Not for loan Home library Current library Date acquired Total Checkouts Full call number Barcode Date last seen Price effective from Koha item type
    Library of Congress Classification     مكتبة جامعة عجلون الوطنية مكتبة جامعة عجلون الوطنية 01/05/2024   P118.I23 2022 e3704 01/05/2024 01/05/2024 Books
    Library of Congress Classification     مكتبة جامعة عجلون الوطنية مكتبة جامعة عجلون الوطنية 01/05/2024   P118.I23 2022 e3703 01/05/2024 01/05/2024 Books